000 00693nam a2200241Ia 4500
003 OSt
005 20220918205016.0
006 a|||||r|||| 00| 0
007 ta
008 220917b |||||||| |||| 00| 0 eng d
024 _a115,020
037 _cTextual
040 _aARTS
_cARTS
_beng
041 _2eng
_aeng
082 _aV5975u7.N40, L8
100 _aParming Tonu ed
_9113881
245 0 _aCase study of a Soviet Republic
_b the Estonian USSR
260 _aBoulder
_bWestview press
_c1978
650 _aHISTORY
700 _a Jarvesoo Elmar ed
_9113882
942 _hV5975u7.N40, L8
_cTEXL
_2CC
999 _c238350
_d238350